000 00416 a2200157 4500
020 _a0-7167-0331-9
040 _aDLC
_bDLC
082 _a537
100 1 _aLorrain, Paul
245 0 0 _aElectromagnetic fields and waves
_cPaul Lorrain, Dale R. Corson
250 _a2. ed.
260 _aSan Francisco, Calif.,
_c1970
300 _a706 s. :
_bdiagr., ill., tab.
700 1 _aCorson, Dale R.
942 _cBK
_k537 LOR
_2ddc
999 _c7754
_d7754